1887 1871 1644 1267 1882 1223 1341 1672 1684 1576 1686 1205 1908 1953 1012 1689 1398 1689 1212 1660 1876 1139 1656 1616 1567 1728 1702 1433 1606 1868 1243 1517 1115 1683 1162 1422 1227 1254 1373 1223 1063 1192 1884 1375 1009 1108 1799 1895 1832 1242 1921 1032 1225 1030 1157 1538 1204 1986 1355 1579 1604 1619 1313 1317 1090 1139 1223 1159 1459 1047 1443 1837 1316 1737 1183 1037 1003 1189 1168 1461 1064 1269 1773 1736 1618 1848 1369 1710 1507 1356 1763 1477 1049 1082 1172 1476 1144 1524 1174 BCNSPRNW ULIB Ver.6.0+V

เปลี่ยนเป็นภาษาไทย

Change to English
 แสดงรายละเอียดบรรณานุกรม
  กลับหน้าหลัก

Brief Record : Get Marc (ISO 2709) : E-mail record : QR code < ปิดหน้าต่าง
LEADER : 00000nam a2200000 a 4500
001    13399128331
003     ULIB
008    220503s2564 th a 001 0 tha d
020    ^a9786163986269
040    ^abrv
060 04 ^aWA308^bน179ก
100 0  ^aนพมาศ ศรีเพชรวรรณดี
245 10 ^aการบริการอนามัยครอบครัว /^cนพมาศ ศรีเพชรวรรณดี
250    ^aพิมพ์ครั้งที่ 1
260    ^aเชียงใหม่ :^bคณะพยาบาลศาสตร์ มหาวิทยาลัยเชียงใหม่,^c2564
300    ^a122 หน้า :^bภาพประกอบ ;^c25 ซม.
504    ^aมีบรรณานุกรมและดัชนี
650  4 ^aอนามัยครอบครัว
710 2  ^aมหาวิทยาลัยเชียงใหม่.^bคณะพยาบาลศาสตร์.^bโครงการตำราคณะพยาบาลศาสตร์
945    ^p180^l0^i29567
945    ^p180^l0^i29568
945    ^p180^l0^i29569
945    ^p180^l0^i29570
945    ^p180^l0^i29571
995    ^aกัณชพร จุลอักษร
999    ^aกัณชพร
รายการนี้ยังไม่มีแท็ก
คุณยังไม่ได้ล็อกอิน คุณสามารถมีกิจกรรมร่วมกับเว็บไซต์ได้ แต่ต้องล็อกอินก่อน ::
  ล็อกอิน

รายการสื่อสารสนเทศ

ลำดับที่ ประเภท เลขเรียก/บาร์โค้ด สถานที่ สถานะ
1. หนังสือสำรอง
หนังสือสำรอง
WA308 น179ก ฉ.1 
  Barcode: 29567
ห้องสมุดวิทยาเขตนครสวรรค์
►หนังสือทั่วไป:l:General Books
บนชั้น
2. วิทยาศาสตร์การแพทย์ และสุขภาพ
วิทยาศาสตร์การแพทย์ และสุขภาพ
WA308 น179ก ฉ.2 
  Barcode: 29568
ห้องสมุดวิทยาเขตนครสวรรค์
►หนังสือทั่วไป:l:General Books
บนชั้น
3. วิทยาศาสตร์การแพทย์ และสุขภาพ
วิทยาศาสตร์การแพทย์ และสุขภาพ
WA308 น179ก ฉ.3 
  Barcode: 29569
ห้องสมุดวิทยาเขตนครสวรรค์
►หนังสือทั่วไป:l:General Books
บนชั้น
4. วิทยาศาสตร์การแพทย์ และสุขภาพ
วิทยาศาสตร์การแพทย์ และสุขภาพ
WA308 น179ก ฉ.4 
  Barcode: 29570
ห้องสมุดวิทยาเขตนครสวรรค์
►หนังสือทั่วไป:l:General Books
บนชั้น
5. วิทยาศาสตร์การแพทย์ และสุขภาพ
วิทยาศาสตร์การแพทย์ และสุขภาพ
WA308 น179ก ฉ.5 
  Barcode: 29571
ห้องสมุดวิทยาเขตนครสวรรค์
►หนังสือทั่วไป:l:General Books
บนชั้น

รายการใกล้เคียง
    ผู้แต่ง [นพมาศ ศรีเพชรวรรณดี]

    หัวเรื่อง [อนามัยครอบครัว]

BibComment


ยังไม่เคยถูกคอมเมนท์

คอมเมนท์ทรัพยากรรายการนี้
  คอมเมนท์: การบริการอนามัยค..


 Copyright 2026. Bcnsprnw @Library